Statistics for Army Rank Abbreviations

Click here to take the quiz!

General Stats

  • This quiz has been taken 465 times
  • The average score is 6 of 16

Answer Stats

HintAnswer% Correct
CPLCorporal
94%
COLColonel
89%
LTGLieutenant General
61%
MSGMaster Sergeant
54%
SPCSpecialist
38%
1LTFirst Lieutenant
37%
SSGStaff Sergeant
37%
CSMCommand Sergeant Major
27%
CPTCaptain
26%
LTCLieutenant Colonel
26%
SMASergeant Major of the Army
26%
SGMSergeant Major
21%
WO4Chief Warrant Officer 4
18%
SFCSergeant First Class
18%
MGMajor General
15%
WO1Warrant Officer
9%

Score Distribution

Percentile by Number Answered

Percent of People with Each Score

Your Score History

You have not taken this quiz